Loading...
| Fine Arts - Other Fine Arts | 0 | 1 | 0 | 0 | 10 | 123 | 123.00 | 0 | 0 |
| Fine Arts - Visual Fine Arts | 0 | 1 | 0 | 0 | 10 | 63 | 63.00 | 1 | 1 |
| Geography/Current Events | 0 | 1 | 0 | 0 | 10 | 66 | 66.00 | 0 | 1 |
| History - American History | 0 | 1 | 0 | 0 | 10 | 90 | 90.00 | 0 | 0 |
| Literature - World/Other Literature | 0 | 1 | 0 | 1 | 10 | 152 | 152.00 | 0 | 0 |
| Other Academic | 0 | 1 | 0 | 1 | 10 | 129 | 129.00 | 0 | 0 |
| Pop Culture | 0 | 1 | 0 | 0 | 10 | 80 | 80.00 | 0 | 1 |
| Religion | 0 | 1 | 0 | 0 | 10 | 62 | 62.00 | 0 | 1 |
| Literature - American Literature | 0 | 1 | 0 | 0 | 10 | 69 | 69.00 | 0 | 0 |
| Literature - British Literature | 0 | 1 | 0 | 0 | 10 | 124 | 124.00 | 0 | 1 |
| Literature - European Literature | 0 | 1 | 0 | 0 | 10 | 114 | 114.00 | 0 | 0 |
| Science - Biology | 0 | 1 | 1 | 0 | 5 | 101 | 101.00 | 0 | 0 |
| History - European History | 0 | 0 | 1 | 0 | -5 | 0.00 | 0 | 0 | |
| History - World History | 0 | 0 | 1 | 0 | -5 | 0.00 | 0 | 0 | |
| Philosophy | 0 | 0 | 1 | 0 | -5 | 0.00 | 0 | 0 |